Para la interpretación del teatro como construcción visual
Guardat en:
| Autor principal: | |
|---|---|
| Format: | Llibre |
| Idioma: | espanyol |
| Publicat: |
Irvine
Gestos
2000
|
| Col·lecció: | Colección Teoría, 2
|
| Matèries: | |
| Etiquetes: |
Afegir etiqueta
Sense etiquetes, Sigues el primer a etiquetar aquest registre!
|
MARC
| LEADER | 00000nam a2200000 a 4500 | ||
|---|---|---|---|
| 001 | UCN0721 | ||
| 003 | CL-VaPUC | ||
| 008 | 010330e20000000US |||||||||||||||||spa|d | ||
| 082 | 0 | 4 | |a 792.015 |b VIL |2 21 |
| 100 | 0 | |a Villegas, Juan |e author |9 455916 | |
| 245 | 1 | 0 | |a Para la interpretación del teatro como construcción visual |
| 300 | |a 229 p | ||
| 942 | |c BK | ||
| 945 | |d 20010330 00:00:00 |a cmena | ||
| 260 | |a Irvine |b Gestos |c 2000 | ||
| 650 | 7 | |a TEATRO - CRITICA E INTERPRETACION |2 CL-VaPUC |9 455917 | |
| 650 | 0 | |a Artes escénicas |9 318853 | |
| 583 | |a last modification |c 20010330 00:00:00 |k Rodrigo Vera | ||
| 490 | 0 | |a Colección Teoría, 2 | |
| 999 | |c 294354 |d 294352 | ||
| 952 | |0 0 |1 0 |4 0 |6 792_015000000000000_VIL_2000 |7 0 |8 A |9 346635 |a FDOPOS |b FDOPOS |d 2019-11-20 |i 3708365 |o 792.015 VIL 2000 |p 3708365 |r 2025-01-22 |w 2019-11-20 |y BK |k MLH | ||